000 00531nam a2200169Ia 4500
003 GCL
008 140319s9999 xx 000 0 ara d
040 _aGCL /
_cGCL
082 0 4 _a201
_bف د
100 1 _aفراس السواح
245 1 0 _aدين الإنسان بحث فى ماهية الدين ومنشأ الدافع الدينى /
_cفراس السواح
490 _a100 قصة
_v0
650 0 4 _aالديانات
650 0 4 _aالديانات القديمة
650 0 4 _aالديانات - بحوث
942 _2ddc
_cBK
999 _c44273
_d44273